| 000 | 00479nam a2200181Ia 4500 | ||
|---|---|---|---|
| 003 | OSt | ||
| 005 | 20240516143420.0 | ||
| 008 | 210210b1971 xxu||||| |||| 00| 0 eng d | ||
| 040 | _cAL | ||
| 082 | _aK894.3 MUGA | ||
| 100 |
_aMUGALI (Ram Shri). _dಮುಗಳಿ ರಂ.ಶ್ರೀ. _9164866 |
||
| 245 |
_aAnna. _b ಅಣ್ಣ |
||
| 260 |
_aBengalur _bUsha Sahitya Male _c1971 |
||
| 300 | _axii,380 | ||
| 690 |
_aKannada Fiction _9164867 |
||
| 906 | _a032532 | ||
| 942 |
_2ddc _cBK |
||
| 999 |
_c83707 _d83707 |
||